Extreme Harry Potter Quiz 2 - Statistics

General Stats
  • This quiz has been taken 99 times
  • The average score is 73 of 150
Answer Stats
Hint Answer % Correct
Albus
81%
What is a derogatory word for muggle-borns? Mudblood
81%
Aberforth
79%
Alastor Moody
79%
Remus Lupin
79%
Ariana
78%
Severus Snape
76%
Alice Longbottom
75%
Name Neville's immediate family Frank Longbottom
75%
What subject does Neville teach at Hogwarts? Herbology
75%
Name the heads of houses in Harry's first year Minerva McGonagall
75%
Ron Weasley
75%
Sword
75%
What is the name of the joke shop in Hogsmeade? Zonko's Joke Shop
75%
Filius Flitwick
73%
Gilderoy Lockhart
73%
Hermione Granger
73%
Augusta Longbottom
71%
What lines must Harry write during his detention with Umbridge? I must not tell lies
71%
Kendra
71%
What is the incantation for the stunning spell? Stupefy
71%
What animals pull the carriages at Hogwarts? Thestrals
71%
Who wrote Fantastoc Beasts and Where to Find Them? Newt Scamander
70%
Bill Weasley
68%
Who is the only ghost teacher at Hogwarts? Cuthbert Binns
68%
Dolores Umbridge
68%
Fleur Delacour
68%
Fred Weasley
68%
George Weasley
68%
Where was Harry born? Godric's Hollow
68%
Name Harry and Ron's roommates in Gryffindor Tower Neville Longbottom
68%
What language can Harry speak besides English? Parseltongue
68%
Name the Dumbledore family? Percival
68%
Pomona Sprout
68%
Seamus Finnigan
68%
Who has guarded the entrance to Gryffindor Tower? The Fat Lady
68%
How many times did Lockhart with Witch Weekly's Most Charming Smile Award? 5
67%
Name everyone who arrives to help Harry leave Privet Drive before his 17th birthday Alastor "Madeye" Moody
67%
Cauldron
67%
Crucio
67%
Dean Thomas
67%
Nymphadora Tonks
67%
What society does Hermione start in year 2? Society for the Promotion of Elfish Welfare
67%
What are the unforgivable curses? Avada Kedavra
65%
How did Harry get to Diagon Alley in his second year? Floo powder
65%
Imperio
65%
Name the 7 Defense Against the Dark Arts Teachers Quirinius Quirrell
65%
What equipment did Harry require in his first year besides clothes and books? Wand
65%
Amycus Carrow
63%
What is the name of the sweet shop in Hogsmeade? Honeydukes
63%
Phoenix Feather
63%
Name the cores for the wands of each of the champions in the Triwizard Tournament? Phoenix feather
63%
What was the Triwirad Cup turned into by the fake moody? Portkey
63%
Arthur Weasley
62%
Mundungus Fletcher
62%
Olympe Maxime
60%
Travels with Trolls
60%
Barty Crouch Sr
59%
What is the name of the Goblin that takes Harry to his vault the first time he visits Gringotts? Griphook
59%
Ignotus
59%
Igor Karkaroff
59%
Kingsley Shacklebolt
59%
Ludo Bagman
59%
What item would you use to view someone else's memories? Pensieve
59%
What colour is the carriage the Beauxbaton students arrive at Hogewarts in? Powder blue
59%
Who were the 6 judges of the Triwizard Tournament? Albus Dumbledore
57%
Cadmus
56%
What is the name of Ron's favourite quidditch team? Chudley Cannons
56%
What does O.W.L stand for? Ordinary Wizarding Level
56%
What gift does Neville get from his Grandmother in his first year? Remembrall
56%
Name the Peverell brothers Antioch
54%
Where is Ravenclaw's Diadem hidden? In the Room of Requirement
54%
What sweets can you find Famous Witch and Wizard cards in? Chocolate Frogs
52%
Troll
52%
Who did Hokey the House Elf belong to? Hepzibah Smith
51%
What is the name of Aunt Marge's dog? Ripper
51%
What spell does Ron use to knock out the troll? Wingardium Leviosa
51%
What is the full name of Bill and Fleur's house? Shell Cottage
48%
Sir Cadogan
48%
What spell is used tgo cast the Dark mark? Morsmordre
46%
Rubeus Hagrid
46%
Which band played at the Yule Ball? Weird Sisters
46%
What does N.E.W.T stand for? Nastily Exhausting Wizarding Test
43%
What animals that are attracted to shiny things make good treasure hunters? Nifflers
43%
What is Nicholas Flamel's wife's name? Perenelle
43%
What are the failing grades for O.W.Ls and N.E.W.T's? Poor
43%
What type of quill does Rita Skeeter use? Quick-quotes Quill
43%
How do you open the Monster Book of Monsters? Stroke the spine
43%
Where did Fred and George get the Marauder's Map? Filch's Office
41%
What can Hermione smell when she sniffs Amortentia? Fresh cut grass
41%
What colour are baby unicorns? Gold
41%
What do Fred and George try to send Harry when he is in the hospital wing after saving the Philosopher's (Sorcerer's) Stone Toilet seat
41%
Describe Harry's wand? (ie: length, core and wood) 11 inches
40%
What happens to leprechaun gold after a while? It disappears
40%
What nickname does Mr Weasley have for Mrs Weaasley? Mollywobbles
40%
What 2 items at Hogwarts belonged to Godric Gryffindor? Sorting Hat
40%
When is Hermione's Birthday? 19 September
38%
When is Ron's Birthday? 1 March
38%
What spell gets GInny invited to Slughorn's carriage on the train to Hogwarts? Bat Bogey Hex
38%
What quidditch team does Ginny play for after leaving Hogwarts? Holyhead Harpies
38%
New parchment
38%
Where does Harry's hearing take place in Order of The Phoenix? Courtroom 10
37%
Who did Fred and George push head first into the vanishing cabinet? Graham Montague
37%
What is it called when a body part is left behind during apparition? Splinching
37%
What does Nearly Headless Nick want more than anything? To join the headless hunt
37%
Holly
35%
What are the 4 words Dumbledore says before the start of term feast in Harry's first year? Nitwit
35%
Blubber
33%
Dreadful
33%
What is the name given to the students who work for Umbridge? Inquisitorial Squad
33%
Dragon heartstring
30%
Where does Harry buy his school robes? Madam Malkin's Robes for All Occasions
30%
What name does Ron's Spell Checking quill cause him to write on his essay? Roonil Wazlib
30%
Unicorn hair
30%
How many Sickles and Knuts, respectively, are in a Galleon? 17
29%
Tweak
29%
Fever Fudge
27%
Nosebleed Nougat
27%
Veela hair
27%
What is the first password to get into Gryffindor Tower? Caput Draconis
24%
What is Prof. Slughorn's favourite snack? Crystallised Pineapple
24%
Oddment
24%
Near what town do the Weasley's live? Ottery St. Catchpole
24%
Puking Pastille
24%
Percy Weasley
22%
Voyages with Vampires
21%
Name the books written by Gilderoy Lockhart Break with a Banshee
19%
Holidays with Hags
17%
What dessert does Dudley get at the restaurant at the zoo? Knickerbocker Glory
17%
Where does Harry take Cho on their first date? Madam Puddifoot's Tea Shop
17%
Year with the Yeti
17%
Brass Scales
16%
Gadding with Ghouls
16%
What is the name of the vampire that attends the Slug Club Christmas Party? Sanguini
16%
What spell does Lockhart use unsuccessfully on the cornish pixies? Peskipiksi pesternomi
14%
Wanderings with Werewolves
14%
What is passed to make Umbridge the High Inquisitor at Hogwarts? An Educational Decree
13%
What sweets can you get in a Skiving Snackbox? Fainting Fancies
13%
What potion does Madam Pomfrey give Harry after the second task of the Triwizard Tournament? Pepperup Potion
13%
Telescope
13%
What dangerous object does Xenophilius Lovegood have in his house? Erumpent horn
11%
493
10%
What instruments were played at Nearly Headless Nick's Deathday Party? Musical Saws
10%
Ron's hair
10%
What does Harry use to get into Umbridge's office in the Ministry of Magic? Decoy detonators
8%
Glass ort Crystal Phials
6%
What drink does Xenophilius offer Harry, Ron and Hermione when they go to see him? Gurdyroot infusion
6%
What dessert does Aunt Petunia make for the Mason's? Sugared Violets and Whipped Cream
3%
No matching quizzes found
Score Distribution
Percent of People with Each Score
Percentile by Number Answered
Your Score History
You have not taken this quiz